| 000 | 01630nam a2200301 4500 | ||
|---|---|---|---|
| 001 | 0000100125 | ||
| 005 | 20250329165434.0 | ||
| 008 | 190730s2019 000 0 eng d | ||
| 040 |
_aCO-CtgCURN _bspa _ccoctgcurn |
||
| 041 | 0 | _aspa | |
| 082 | 0 |
_aENF 2019 _bA473 |
|
| 100 | 1 | _aAlvarez Julio, Dilma Carolina. | |
| 245 | 1 | 0 |
_aMitos y creencias sobre metodos anticonceptivos en adolecentes de la institucion educativa San Luis Beltran del Municipio de Maria La Baja Bolivar,2019. / _cDilma Carolina Alvarez Julio ; Isley Paola Martinez Rocha ; Liseth Paola Valdes Cañate ; Asesor: Leisy Beleño Pinedo. |
| 260 |
_aCartagena de Indias : _bCorporación Universitaria Rafael Núñez, _c2019. |
||
| 300 | _a121 Hojas. | ||
| 336 |
_2rdacontent _atext _btxt |
||
| 337 |
_2rdacarrier _asin mediacion _bn |
||
| 338 |
_2rdacarrier _avolumen _bnc |
||
| 502 | _aTrabajo de grado (Enfermeria). Corporacion Universitaria Rafael Nuñez. Facultad de Ciencias de la salud. Enfermeria, 2019. | ||
| 520 | _aEn el ambito anticonceptivo los mitos y las creencias en los adolescentes merecen especial atencion porque representan una barrera para su uso adecuado. | ||
| 650 | 0 |
_aEnfermeria _vTesis y disertaciones academicas. |
|
| 700 | 1 | _aMartinez Rocha, Isley Paola. | |
| 700 | 1 | _aValdes Cañate, Liseth Paola. | |
| 700 | 1 |
_aBeleño Pinedo, Leisy, _eAsesor. |
|
| 856 |
_uhttps://unicurn.sharepoint.com/:b:/s/biblioteca/Eb7dO6bfG1xHi83SLIwLgwkB-Il9KdIbuEJ1qpygmiECIw?e=7lMRSt _zClick aqui para ver el recurso en texto completo |
||
| 942 |
_cTG _hENF 2019 _iA473 |
||
| 999 |
_c4013 _d4013 |
||